00860cam a22002534a 4500020003600000040000800036082003100044100002300075245005600098260003100154300003300185500002000218650001900238650001900257650002200276650003100298650003000329650002100359650003000380650001000410856006000420856006700480856005900547 a0471201901 (cloth : alk. paper) cDLC00a338 WILEY 2002 A064 Or.aB1 aMalone, Michael S.10aBetting it all :bthe entrepreneurs of technology / aNew York :bWiley,cc2002. axv, 272 p. :bill. ;c23 cm. aIncludes index. 0aBusinesspeople 0aBusinesspeople 0aComputer industry 0aComputer software industry 0aMicroelectronics industry 0aEntrepreneurship 0aMicroelectronics industry 0aRisk.42uhttp://www.loc.gov/catdir/bios/wiley043/2001045447.html42uhttp://www.loc.gov/catdir/description/wiley036/2001045447.html41uhttp://www.loc.gov/catdir/toc/wiley021/2001045447.html